北海道の難読地名 30コ - Statistics

General Stats
  • This quiz has been taken 67 times
  • The average score is 8 of 30
Answer Stats
漢字 回答 % Correct
和寒 わっさむ
94%
納沙布 のさっぷ
85%
壮瞥 そうべつ
68%
国縫 くんぬい
57%
止別 やむべつ
51%
咲来 さっくる
47%
忍路 おしょろ
43%
神威 かもい
42%
軍川 いくさがわ
42%
納内 おさむない
40%
相内 あいのない
40%
美利河 ぴりか
40%
敏音知 ぴんねしり
34%
濃昼 ごきびる
32%
珸瑶瑁 ごようまい
28%
茨戸 ばらと
25%
初無敵 そんてき
15%
千走 ちわせ
8%
望来 もうらい
8%
支寒内 ししゃもない
8%
留久 るうく
8%
聚富 しっぷ
6%
鳧舞 けりまい
6%
安瀬 やそすけ
6%
やわら
6%
対雁 ついしかり
4%
旅来 たびこらい
4%
居辺 おりべ
4%
西舎 にしちゃ
2%
押帯 おっしょぷ
2%
No matching quizzes found
Score Distribution
Percent of People with Each Score
Percentile by Number Answered
Your Score History
You have not taken this quiz